[Event "US Juniors 2013"]
[Site "Saint Louis USA"]
[Date "2013.06.20"]
[Round "6.5"]
[White "Shetty,A"]
[Black "Sevian,Samuel"]
[Result "0-1"]
[WhiteElo "2320"]
[BlackElo "2390"]

1.c4 e5 2.g3 Nf6 3.Bg2 d5 4.cxd5 Nxd5 5.Nc3 Nb6 6.Nf3 Nc6 7.O-O Be7 8.a3 O-O
9.b4 Be6 10.Rb1 f6 11.d3 a5 12.b5 Nd4 13.Nd2 Qc8 14.e3 Nf5 15.Qc2 Rd8 16.Bb2 Rb8
17.Rfd1 Nd6 18.Nde4 Nf7 19.Ne2 a4 20.Rdc1 Rd7 21.d4 Bb3 22.Qc3 Bc4 23.Qe1 Bd3
24.Nc5 Bxc5 25.dxc5 Nc4 26.Qb4 Bxb1 27.Rxb1 Nxb2 28.Qxb2 Qf8 29.Qc2 b6 30.Bc6 Rdd8
31.cxb6 cxb6 32.Qxa4 Rd3 33.Rb3 Rd2 34.Nc3 Rbd8 35.Qc4 Kh8 36.Kg2 f5 37.Qe6 Nh6
38.h3 f4 39.Qxe5 fxg3 40.Qxg3 R2d6 41.Be4 Nf5 42.Bxf5 Qxf5 43.Rb4 Qd3 44.Qe5 Rg6+
45.Rg4 Rf8 46.Nd5 Qe2 47.Qg3 Qxb5 48.Nf4 Qc6+ 49.Kh2 Rxg4 50.Qxg4 Qd6 51.a4 Qe5
52.h4 Qf5 53.Qg2 Qc2 54.Qf3 Re8 55.h5 Qxa4 56.h6 Qd7 57.hxg7+ Qxg7 58.Nh5 Qe5+
59.Ng3 b5 60.Qc6 Rg8 61.Kg2 b4 62.Qc4 Qc3 63.Qb5 b3 64.Kf3 Rf8+ 65.Kg2 b2
66.Ne4 Qg7+ 67.Kf1 Rg8 68.Ke2 Qg4+ 69.f3 Qg7 70.Qb3 Qe5 71.f4 Qh5+ 72.Kd3 Rd8+
73.Kc3 Qe2 74.Qb6 Rd3+ 75.Kc4 Rd6+  0-1

[Event "8th Teplice Open 2013"]
[Site "Teplice CZE"]
[Date "2013.06.20"]
[Round "6.35"]
[White "Ptacnikova,L"]
[Black "Chmelik,J"]
[Result "1-0"]
[WhiteElo "2255"]
[BlackElo "2001"]

1.c4 e5 2.g3 Nf6 3.Bg2 Nc6 4.Nc3 Bb4 5.Nd5 Be7 6.d3 O-O 7.Nf3 d6 8.O-O h6
9.h3 Be6 10.e4 Qd7 11.Kh2 Nd8 12.d4 exd4 13.Nxd4 c6 14.Nxe7+ Qxe7 15.Nf5 Bxf5
16.exf5 Re8 17.Bf4 d5 18.b3 Qd7 19.g4 b6 20.Rc1 Nb7 21.cxd5 c5 22.Qd3 Nd6
23.Rfe1 Rad8 24.Be5 Nfe4 25.f4 Nf6 26.Qc3 Nb5 27.Qb2 Qe7 28.a4 Nxg4+ 29.hxg4 Qh4+
30.Bh3 Nd4 31.Re3 h5 32.Rg1 f6 33.Bxd4 cxd4 34.Re6  1-0

[Event "8th Teplice Open 2013"]
[Site "Teplice CZE"]
[Date "2013.06.20"]
[Round "6.17"]
[White "Steiner,B"]
[Black "Jurcik,Mari"]
[Result "0-1"]
[WhiteElo "2169"]
[BlackElo "2525"]

1.c4 e5 2.g3 Nf6 3.Bg2 d5 4.cxd5 Nxd5 5.Nf3 Nc6 6.O-O Nb6 7.d3 Be7 8.a3 O-O
9.Nbd2 a5 10.b3 Be6 11.Bb2 f6 12.Qc2 Qd7 13.Rfc1 Rfd8 14.Ne4 Bd5 15.Nfd2 Qg4
16.e3 Rd7 17.Bf1 Rad8 18.Nc5 Bxc5 19.Qxc5 h5 20.Qb5 h4 21.e4 Be6 22.b4 hxg3
23.hxg3 axb4 24.axb4 Kf7 25.Rxc6 bxc6 26.Qxc6 Qh5 27.Bg2 Qe2 28.Bxe5 Qxd2
29.Bxc7 Rc8 30.Ra7 Qd1+ 31.Bf1 Bh3  0-1

[Event "7th Varna Open 2013"]
[Site "Varna BUL"]
[Date "2013.06.20"]
[Round "2.8"]
[White "Spiridonov,Niko1"]
[Black "Shyam,SM"]
[Result "0-1"]
[WhiteElo "2248"]
[BlackElo "2502"]

1.c4 e5 2.g3 Nf6 3.Bg2 c6 4.d4 exd4 5.Qxd4 d5 6.cxd5 cxd5 7.Nf3 Nc6 8.Qa4 Bc5
9.O-O O-O 10.Bg5 h6 11.Bxf6 Qxf6 12.Nc3 Be6 13.Qb5 Qe7 14.Na4 Bd6 15.Rac1 Nb4
16.Nc3 Bd7 17.Qxb7 Rfb8 18.Nxd5 Qd8 19.Nf6+ gxf6 20.Qe4 Nxa2 21.Rcd1 Rb6
22.Nd4 Rab8 23.Nf5 Bxf5 24.Qxf5 Qc8 25.Qh5 Nb4 26.Bh3 Qc5 27.Bf5 Re8  0-1

[Event "III Marcel Duchamp Boca Jun Op"]
[Site "Buenos Aires ARG"]
[Date "2013.06.21"]
[Round "2.11"]
[White "Giardelli,S"]
[Black "Nejanky,M"]
[Result "1-0"]
[WhiteElo "2344"]
[BlackElo "2016"]

1.c4 e5 2.g3 Nf6 3.Bg2 c6 4.d4 e4 5.Nc3 d5 6.cxd5 cxd5 7.Bg5 Be6 8.Bxf6 gxf6
9.Nh3 Bh6 10.e3 Rg8 11.Qh5 Rg6 12.Nf4 Bxf4 13.exf4 f5 14.Qxh7 Qf6 15.h4 Kd7
16.h5 Rh6 17.Qg8 Rh8 18.Qg5 Qxd4 19.Rd1 Qb4 20.O-O d4 21.Bxe4 fxe4 22.f5 Nc6
23.fxe6+ fxe6 24.Nxe4 Kc7 25.Nc5 Rhe8 26.a3 Qc4 27.Rc1 Qa2 28.b4 a6 29.Nd3 Rad8
30.Ne5 Rd6 31.h6 Kb8 32.h7 Qd5 33.Rc5 Nxe5 34.Rxd5 Nf3+ 35.Kg2 Nxg5 36.Rxg5 Rh8
37.Rg8+ Rd8 38.Rxd8+ Rxd8 39.Rh1 Rh8 40.Kf3 Kc7 41.Ke4 e5 42.g4 Kd6 43.Rh5  1-0

[Event "8th Teplice Open 2013"]
[Site "Teplice CZE"]
[Date "2013.06.21"]
[Round "7.41"]
[White "Turner,R"]
[Black "Kula,Dominik"]
[Result "1-0"]
[WhiteElo "2114"]
[BlackElo "1894"]

1.c4 e5 2.g3 Nf6 3.Bg2 d5 4.cxd5 Nxd5 5.Nf3 Nc6 6.O-O Be7 7.d4 e4 8.Ne5 f5
9.Nxc6 bxc6 10.Qa4 Qd6 11.Nc3 O-O 12.Nxd5 cxd5 13.Bf4 Qa6 14.Qc2 Bd6 15.Bxd6 Qxd6
16.f3 Ba6 17.Rfe1 Rac8 18.f4 g6 19.e3 Rf6 20.Qc5 Qf8 21.b3  1-0

[Event "8th Teplice Open 2013"]
[Site "Teplice CZE"]
[Date "2013.06.21"]
[Round "7.16"]
[White "Jacobsen,Bo"]
[Black "Smirnov,Arte"]
[Result "0-1"]
[WhiteElo "2312"]
[BlackElo "2422"]

1.g3 e5 2.c4 Nf6 3.Bg2 Nc6 4.Nc3 Bb4 5.Nd5 Bc5 6.Nf3 d6 7.d3 h6 8.O-O O-O
9.e3 a6 10.a3 Ba7 11.Nc3 Be6 12.Qc2 Qd7 13.Re1 Bh3 14.Bh1 Nh7 15.b4 f5 16.d4 exd4
17.exd4 f4 18.c5 Bg4 19.Nh4 Nxd4 20.Bd5+ Rf7 21.Qg6 Nf6 22.Bxf7+ Qxf7 23.cxd6 Nf3+  0-1

[Event "7th Varna Open 2013"]
[Site "Varna BUL"]
[Date "2013.06.21"]
[Round "3.21"]
[White "Gagarin,Vasily"]
[Black "Ivelinov,H"]
[Result "0-1"]
[WhiteElo "1883"]
[BlackElo "2180"]

1.c4 e5 2.g3 Nc6 3.Bg2 d6 4.e4 Be6 5.d3 Qd7 6.Nc3 g6 7.Nge2 Bg7 8.Be3 Nge7
9.O-O Nd4 10.Nd5 Nxe2+ 11.Qxe2 O-O 12.b4 Nc8 13.Rac1 c6 14.Nc3 Ne7 15.b5 Bh3
16.bxc6 bxc6 17.Rb1 Bxg2 18.Kxg2 f5 19.f3 d5 20.Na4 d4 21.Bd2 Rab8 22.Nc5 Qd6
23.Na6 Rxb1 24.Rxb1 c5 25.Rb7 Nc8 26.Nb8 Nb6 27.Na6 Na8 28.Nxc5 Qxc5 29.Bb4 Qc6
30.Rxa7 Rf7 31.Ra5 Nc7 32.Rc5 Qf6 33.Ba5 Ne6 34.Rb5 fxe4 35.fxe4 Bh6 36.Be1 Be3
37.a4 Qg5 38.Kh1 Qf6 39.Kg2 Ng5 40.a5 Nf3 41.Rb6 Nxe1+ 42.Qxe1 Qf3+ 43.Kh3 Rf4
44.Rb8+ Kg7 45.Rb7+ Kh6 46.a6 Rh4+ 47.Kxh4 Qh5+  0-1

[Event "TCh-SUI 2013"]
[Site "Switzerland SUI"]
[Date "2013.06.22"]
[Round "4.2"]
[White "Forster,Ri"]
[Black "Prusikin,M"]
[Result "0-1"]
[WhiteElo "2451"]
[BlackElo "2555"]

1.c4 e5 2.g3 Nc6 3.Bg2 Bc5 4.Nc3 a6 5.Nf3 d6 6.O-O Nf6 7.d3 h6 8.e3 O-O 9.b3 Re8
10.Bb2 Ba7 11.Rc1 Rb8 12.Nd2 Bg4 13.Qc2 Qd7 14.a3 Ne7 15.Rfe1 Bh3 16.Nde4 Nh7
17.Nd5 Bxg2 18.Kxg2 Ng6 19.d4 exd4 20.exd4 Qg4 21.Qe2 Nh4+ 22.Kh1 Nf3 23.Rc3 f5
24.Qxf3 Qxf3+ 25.Rxf3 fxe4 26.Rf4 c6 27.Ne3 Ng5 28.d5 Nh3 29.Rf5 Rf8 30.Kg2 Bxe3
31.Rxf8+ Rxf8 32.Kxh3 Rxf2 33.Rxe3 Rxb2 34.b4 cxd5 35.cxd5 Rd2 36.Rxe4 Rxd5
37.Re7 b6 38.Rb7 Rb5 39.Kg4 Kh7 40.Kf4 Kg6 41.Ke4 a5 42.bxa5 Re5+ 43.Kd4 bxa5
44.Rd7 Re2 45.Rxd6+ Kh5 46.h3 Rg2 47.Rd5+ g5 48.Rxa5 Rxg3 49.Ke5 Rxh3 50.Kf6 Rb3
51.a4 Kh4 52.Kg6 Rb6+ 53.Kf5 g4 54.Rb5 Ra6 55.a5 g3 56.Rb6 Rxa5+ 57.Kf4 h5
58.Rg6 Ra3 59.Rh6 g2 60.Rg6 Kh3  0-1

[Event "8th Teplice Open 2013"]
[Site "Teplice CZE"]
[Date "2013.06.22"]
[Round "8.14"]
[White "Thestrup,S"]
[Black "Jurcik,Mari"]
[Result "1/2-1/2"]
[WhiteElo "2137"]
[BlackElo "2525"]

1.c4 e5 2.g3 Nf6 3.Bg2 d5 4.cxd5 Nxd5 5.Nf3 Nc6 6.O-O Nb6 7.b3 Be6 8.Bb2 f6
9.d3 Qd7 10.Nbd2 O-O-O 11.a3 Bh3 12.b4 h5 13.b5 Nd4 14.Nxd4 Bxg2 15.Kxg2 exd4
16.Nf3 h4 17.a4 hxg3 18.fxg3 Qh3+ 19.Kg1 Bd6 20.Qe1 Be5 21.Qf2 Kb8 22.Bc1 Nd5
23.Nxe5 fxe5 24.Bd2 Nf6 25.Bg5 Ng4 26.Qg2 Rde8 27.Qxh3 Rxh3 28.Kg2 Rxh2+
29.Kf3 Nf6 30.Bxf6 Rf8 31.Rh1 Rxf6+ 32.Kg4 Rxh1 33.Rxh1 a6 34.Rh5 axb5 35.axb5 Re6
36.Kf5 Rb6 37.Rh8+ Ka7 38.Kxe5 Rxb5+ 39.Kxd4 Rg5 40.e4 c5+ 41.Kc4 Ka6 42.Ra8+ Kb6
43.Re8 Kc6 44.Rc8+ Kd6 45.Rd8+ Kc6 46.Rc8+ Kb6 47.Re8 Rxg3 48.Re6+ Kc7 49.Kxc5 Rxd3
50.Re7+ Rd7 51.Re8 b6+ 52.Kb5 g6 53.Re6 Rd6 54.Re7+ Kd8 55.Rb7 Re6 56.Rxb6 Ke7
57.Rxe6+ Kxe6 58.Kc4 Ke5 59.Kd3 g5 60.Ke3 g4 61.Kf2 Kxe4 62.Kg3 Kf5 63.Kg2 Kf4
64.Kf2 g3+ 65.Kg2 Kg4 66.Kg1 Kh3 67.Kh1 g2+ 68.Kg1 Kg3  1/2-1/2

[Event "TCh-SUI 2013"]
[Site "Switzerland SUI"]
[Date "2013.06.23"]
[Round "5.8"]
[White "Marentini,M"]
[Black "Rusev,A"]
[Result "0-1"]
[WhiteElo "2064"]
[BlackElo "2253"]

1.c4 e5 2.g3 d6 3.Bg2 f5 4.Nc3 Nf6 5.d3 g6 6.e4 Bg7 7.Nge2 O-O 8.O-O c6 9.exf5 gxf5
10.d4 Be6 11.b3 Qc7 12.Ba3 Rd8 13.Rc1 Na6 14.d5 Bf7 15.b4 c5 16.b5 Nb8 17.Qb3 Qe7
18.Bb2 Nbd7 19.Rce1 h5 20.Bc1 Nh7 21.h4 Ndf6 22.Nf4 Rab8 23.Qc2 Qd7 24.Nh3 Bg6
25.Ng5 Nxg5 26.Bxg5 Rf8 27.Bh3 Nh7 28.Bd2 Nf6 29.Ne4 Nxe4 30.Qxe4 Kh7 31.Qe2 Rbe8
32.Bg5 Bf6 33.Qd2 Qf7 34.Bh6 Rg8 35.Bg5 Bh8 36.Kh1 Ref8 37.Rc1 b6 38.Rc3 e4
39.Ra3 Bd4 40.Bf4 Rd8 41.Ra6 Rge8 42.Re1 Qg7 43.Ra3 Bb2 44.Rb3 Be5 45.Ra3 Rd7
46.Bg5 Rf7 47.Rg1 Bb2 48.Rb3 Bd4 49.Ra3 Ref8 50.Bf4 Bb2 51.Rb3 Be5 52.Ra3 Ra8
53.Bf1 Qf6 54.Bg5 Qh8 55.Be2 Qe8 56.Bf4 Rd7 57.Rb1 Rf7 58.Rab3 Qe7 59.a4 Rg8
60.a5 bxa5 61.Ra3 Bd4 62.Kg1 Rfg7 63.Bg5 Qe8 64.Rbb3 f4 65.gxf4 a4 66.Rg3 Re7
67.f5 Bxf5 68.Bxe7 Rxg3+ 69.Rxg3 Qxe7 70.Bd1 Qxh4 71.Qg5 Qxg5 72.Rxg5 a3
73.Bb3 Bg4 74.Kg2 Be5 75.Kf1 Bf4 76.Rxg4 hxg4 77.Ke2 Kg6 78.Kd1 Kf5 79.Kc2 e3
80.fxe3 g3  0-1

[Event "FISCA Open D 2013"]
[Site "Cap Aurora ROU"]
[Date "2013.06.27"]
[Round "7.5"]
[White "Stanca,A"]
[Black "Bida,M"]
[Result "1/2-1/2"]
[WhiteElo "2204"]
[BlackElo "2204"]

1.g3 e5 2.c4 Nf6 3.Bg2 c6 4.Nc3 d5 5.cxd5 cxd5 6.Qb3 Nc6 7.Nxd5 Nd4 8.Nxf6+ Qxf6
9.Qd1 Bf5 10.d3 Rc8 11.Kf1 Bc5 12.Nf3 Nxf3 13.Bxf3 Bh3+ 14.Ke1 O-O 15.Be3 Bxe3
16.fxe3 e4  1/2-1/2

[Event "Visma GM 2013"]
[Site "Vaxjo SWE"]
[Date "2013.06.27"]
[Round "2.3"]
[White "Miezis,N"]
[Black "Smith,Ax"]
[Result "1-0"]
[WhiteElo "2548"]
[BlackElo "2461"]

1.c4 e5 2.g3 c6 3.d4 e4 4.Nc3 d5 5.Bg2 Bb4 6.cxd5 cxd5 7.f3 exf3 8.Nxf3 Ne7
9.O-O O-O 10.Qd3 Bf5 11.Qb5 Nbc6 12.Nh4 a6 13.Qa4 Bg4 14.e3 Qd7 15.Qb3 Rad8
16.Bd2 Bh3 17.Rf2 Bxg2 18.Nxg2 Qd6 19.a3 Bxc3 20.Bxc3 Rd7 21.Raf1 Ng6 22.Bd2 Rc8
23.Ne1 h5 24.Qd1 h4 25.Qh5 hxg3 26.Rg2 Nf8 27.Rxg3 Re8 28.Nd3 Re6 29.Nf4 Rh6
30.Qg5 Ng6 31.Nh5 Rh7 32.Rg2 Qe7 33.Qg4 Rd6 34.Ng3 Qe6 35.Nf5 Rd7 36.Qg3 Rh5
37.Qg4 Rh7 38.Bb4 Nxb4 39.axb4 Rc7 40.Qg5 Qd7 41.h4 Qe8 42.h5  1-0

[Event "Visma IMA 2013"]
[Site "Vaxjo SWE"]
[Date "2013.06.28"]
[Round "4.1"]
[White "Von Bahr,O"]
[Black "Pettersson,Anders1"]
[Result "1/2-1/2"]
[WhiteElo "2304"]
[BlackElo "2279"]

1.c4 e5 2.g3 Nf6 3.Bg2 d5 4.cxd5 Nxd5 5.Nc3 Nb6 6.Nf3 Nc6 7.O-O Be7 8.a3 a5
9.d3 O-O 10.Be3 Re8 11.Na4 Nd5 12.Bc5 Bf6 13.Rc1 Be6 14.Nd2 Qd7 15.Ne4 Bd8
16.Nac3 b6 17.Nxd5 Bxd5 18.Be3 Nd4 19.Bxd4 exd4 20.Nd2 Bxg2 21.Kxg2 a4 22.Re1 Bg5
23.Rc4 Bxd2 24.Qxd2 c5 25.e3 dxe3 26.Rxe3 Rxe3 27.Qxe3 Rd8 28.Qe4 f5 29.Qe5 Qc6+
30.Kh3 Rf8 31.Rf4 h6 32.Rxf5 Qd7 33.g4 Qxd3+ 34.Kg2 Rxf5 35.gxf5 Qd8 36.Kf3 Kh7
37.Qe6 Qd1+ 38.Ke4 Qh1+ 39.Kd3 Qf3+ 40.Kc2 Qxf2+ 41.Kb1 Qf1+ 42.Ka2 Qb5 43.h4 c4
44.Qg6+ Kh8 45.f6 Qb3+ 46.Ka1 Qd1+ 47.Ka2 Qb3+ 48.Ka1 Qd1+  1/2-1/2

[Event "Visma GM 2013"]
[Site "Vaxjo SWE"]
[Date "2013.06.28"]
[Round "5.4"]
[White "Andersen,Mad"]
[Black "Lindberg,Be"]
[Result "1/2-1/2"]
[WhiteElo "2477"]
[BlackElo "2410"]

1.c4 e5 2.g3 Nf6 3.Bg2 c6 4.d4 Bb4+ 5.Bd2 Bxd2+ 6.Qxd2 d6 7.dxe5 dxe5 8.Qxd8+ Kxd8
9.Nc3 Be6 10.b3 Nbd7 11.Nh3 h6 12.f3 a5 13.Nf2 Nc5 14.g4 Kc7 15.O-O-O Rab8
16.h4 Rbd8 17.Rxd8 Kxd8 18.e3 e4 19.Kc2 exf3 20.Bxf3 Kc7 21.Ne2 Bc8 22.Nf4 Re8
23.g5 Bf5+ 24.Kd2 hxg5 25.hxg5 Nfd7 26.Bg2 Ne6 27.Nxe6+ Rxe6 28.e4 Bg6 29.Ke3 Re8
30.Nd3 Ne5 31.Nxe5 Rxe5 32.Kf4 Re8 33.c5 Rd8 34.Ke3 Re8 35.Kf4 Rd8 36.Ke3 Re8  1/2-1/2

[Event "IsBank TCh-TUR 2013"]
[Site "Denizli TUR"]
[Date "2013.06.29"]
[Round "1.1"]
[White "Ipatov,Alexander"]
[Black "Nyzhnyk,I"]
[Result "1/2-1/2"]
[WhiteElo "2590"]
[BlackElo "2607"]

1.c4 e5 2.g3 Nf6 3.Bg2 c6 4.Nf3 e4 5.Nd4 d5 6.cxd5 cxd5 7.O-O Bc5 8.Nb3 Be7
9.d3 Bf5 10.Nd4 Bg6 11.dxe4 dxe4 12.Nc3 O-O 13.Ndb5 Nc6 14.Bf4 Qb6 15.Bc7 Qc5
16.Rc1 a6 17.Bd6 Qg5 18.Bxe7 Nxe7 19.Nd4 Rfd8 20.e3  1/2-1/2

[Event "Visma IMA 2013"]
[Site "Vaxjo SWE"]
[Date "2013.06.29"]
[Round "6.1"]
[White "Von Bahr,O"]
[Black "Malmstig,E"]
[Result "1-0"]
[WhiteElo "2304"]
[BlackElo "2322"]

1.c4 e5 2.g3 f5 3.Bg2 Nf6 4.Nc3 c6 5.d4 e4 6.Bg5 Bb4 7.Nh3 O-O 8.O-O d6 9.f3 Bxc3
10.bxc3 Qa5 11.Bxf6 Rxf6 12.Qb3 Rh6 13.c5+ d5 14.fxe4 fxe4 15.Ng5 Qb5 16.Nf7 Rf6
17.Qxb5 cxb5 18.Rxf6 gxf6 19.Nd6 Nc6 20.Nxb5 Bg4 21.Kf2 b6 22.Nc7 Rd8 23.cxb6 axb6
24.Rb1 Rd7 25.Nxd5 Rxd5 26.Bxe4 Ne7 27.Bxd5+ Nxd5 28.c4 Nc3 29.Rxb6 Kf7 30.a3 Nd1+
31.Kg1 Bxe2 32.c5 Nc3 33.c6 Nd5 34.Rb7+ Ke6 35.Rxh7 Kd6 36.h4 Kxc6 37.h5 Bd3
38.Rf7 Nc3 39.h6  1-0

[Event "Visma GM 2013"]
[Site "Vaxjo SWE"]
[Date "2013.06.29"]
[Round "7.4"]
[White "Nithander,V"]
[Black "Sipila,V"]
[Result "1/2-1/2"]
[WhiteElo "2455"]
[BlackElo "2411"]

1.c4 e5 2.g3 Nf6 3.Bg2 d5 4.cxd5 Nxd5 5.Nc3 Nb6 6.Nf3 Nc6 7.O-O Be7 8.a3 Be6
9.b4 O-O 10.Bb2 Nc4 11.Qc1 a5 12.b5 Nd4 13.Nxd4 exd4 14.Na4 d3 15.e3 c6 16.bxc6 bxc6
17.Bd4 Rb8 18.Qc3 Nd6 19.Be5 Rb3 20.Qd4 Nb5 21.Qxd8 Rxd8 22.Bxc6 Nxa3 23.Bc3 Bd7
24.Bxd7 Rxd7 25.Ra2 h5 26.Rc1 Rc7 27.Nb2 Nb5 28.Nxd3 Nxc3 29.Rxc3 Rcxc3 30.dxc3 Rxc3
31.Nf4 Ra3 32.Rb2 g6 33.Rb8+ Bf8 34.e4 Ra1+ 35.Kg2 Re1 36.Ra8 Rxe4  1/2-1/2

[Event "Visma IMA 2013"]
[Site "Vaxjo SWE"]
[Date "2013.06.30"]
[Round "8.1"]
[White "Von Bahr,O"]
[Black "Rydstrom,Tom"]
[Result "1/2-1/2"]
[WhiteElo "2304"]
[BlackElo "2160"]

1.c4 e5 2.g3 Nf6 3.Bg2 d5 4.cxd5 Nxd5 5.Nc3 Nb6 6.Nf3 Nc6 7.O-O Be6 8.d4 exd4
9.Nb5 d3 10.Ng5 d2 11.Nxe6 fxe6 12.Qxd2 Qxd2 13.Bxd2 O-O-O 14.Bg5 Re8 15.Rac1 Nd5
16.Rfd1 a6 17.Nc3 Nb6 18.Ne4 Nb4 19.a3 N4d5 20.Nc5 h6 21.Bd2 Kb8 22.b4 g5
23.Rc2 Bg7 24.a4 c6 25.e4 Nc7 26.Be3 Rd8 27.Rcd2 Rxd2 28.Rxd2 Bc3 29.Rd3 Bxb4
30.Nxa6+ Nxa6 31.Bxb6  1/2-1/2

[Event "TCh-MNE Prem 2013"]
[Site "Cetinje MNE"]
[Date "2013.07.01"]
[Round "8.1"]
[White "Damljanovic,B"]
[Black "Bogosavljevic,B"]
[Result "1/2-1/2"]
[WhiteElo "2544"]
[BlackElo "2548"]

1.c4 e5 2.g3 Nc6 3.Nc3 Bc5 4.Bg2 a6 5.e3 d6 6.Nge2 Ba7 7.a3 h5 8.h3 h4 9.g4 f5
10.gxf5 Bxf5 11.d4 Nf6 12.b3 Qd7 13.Ra2 exd4 14.exd4 O-O 15.Be3 Rae8 16.d5 Bxe3
17.dxc6 Qe6 18.fxe3 Qxe3 19.Qd2 Qg3+ 20.Kf1 Qg6 21.Kg1 Nh5 22.cxb7 Bd3 23.Ra1 d5
24.c5 d4 25.Nxd4 Nf4 26.Rh2 Qf6 27.Nf3 Ne2+ 28.Nxe2 Qxa1+ 29.Nc1 Be4 30.Ne1 Qxa3
31.Qc3 Bf5 32.Bd5+ Kh8 33.Ra2 Rxe1+ 34.Qxe1 Qxc5+ 35.Rf2 Qxd5 36.Qe7 Rb8
37.Ne2 Kh7 38.Nf4 Qd1+ 39.Kh2 Qd6 40.Qxh4+ Qh6 41.Qxh6+ Kxh6 42.Nd5 g6 43.Nxc7 Rxb7
44.Nxa6 Rxb3 45.Rd2 Rxh3+ 46.Kg2 Ra3 47.Nc7 g5 48.Nb5 Re3 49.Kf2 Rh3 50.Rd5 Be4
51.Re5 Rf3+ 52.Ke2 Rf4 53.Nd4 Bg6 54.Ne6 Re4+  1/2-1/2

[Event "Karvina Open 2013"]
[Site "Karvina CZE"]
[Date "2013.07.01"]
[Round "3.5"]
[White "Kosiorek,M"]
[Black "Novosadova,K"]
[Result "1-0"]
[WhiteElo "2340"]
[BlackElo "2179"]

1.c4 e5 2.g3 Nf6 3.Bg2 Nc6 4.Nc3 Be7 5.Nf3 d6 6.O-O O-O 7.d4 Bf5 8.d5 Nb8
9.h3 h6 10.Ne1 Bh7 11.e4 Nbd7 12.f4 exf4 13.gxf4 Re8 14.Nd3 Bf8 15.Re1 Qe7
16.b3 a5 17.a4 g6 18.Bf3 Bg7 19.Ra2 Nh5 20.Nb5 Nc5 21.Nxc5 dxc5 22.e5 Ng3
23.d6 cxd6 24.Nxd6 Red8 25.Bd5 Nf5 26.Nxf5 gxf5 27.Rg2 Ra6 28.e6 f6 29.Kh2 Kh8
30.Reg1 Rg8 31.Qf3 Bf8 32.Bb2 Rg7 33.Qf2 Bg8 34.Rg6 Rxg6 35.Rxg6 Bg7 36.Qh4 Bxe6
37.Bxf6 Bxf6 38.Qxh6+  1-0

[Event "4th Kiryat Ono Open A"]
[Site "Kiryat Ono ISR"]
[Date "2013.07.01"]
[Round "2.8"]
[White "Levine,Y"]
[Black "Kaplan,S"]
[Result "1/2-1/2"]
[WhiteElo "2061"]
[BlackElo "2398"]

1.c4 e5 2.g3 Nf6 3.Bg2 d5 4.cxd5 Nxd5 5.Nc3 Nb6 6.Nf3 Nc6 7.O-O Be7 8.a3 O-O
9.b4 Be6 10.Rb1 f6 11.d3 Qd7 12.Ne4 Rab8 13.Qc2 Rfe8 14.Be3 Nd5 15.Bc5 b6
16.Bxe7 Ncxe7 17.d4 exd4 18.Nxd4 Bh3 19.Bxh3 Qxh3 20.Nd2 f5 21.e3 Kh8 22.N2f3 Rf8
23.Ne5 Rf6 24.Rbe1 Rd8 25.f4 Qh5 26.Ndf3 h6 27.e4 fxe4 28.Rxe4  1/2-1/2

[Event "Opatija Open A 2013"]
[Site "Opatija CRO"]
[Date "2013.07.02"]
[Round "4.5"]
[White "Deubelbeiss,R"]
[Black "Pavicic,Z"]
[Result "0-1"]
[WhiteElo "2023"]
[BlackElo "2384"]

1.c4 e5 2.g3 Nf6 3.Bg2 d5 4.cxd5 Nxd5 5.Nc3 Nb6 6.Nf3 Nc6 7.a3 Be7 8.b4 Be6
9.O-O O-O 10.d3 f5 11.Bb2 a6 12.Rc1 Qe8 13.b5 axb5 14.Nxb5 Bd8 15.Nd2 Ra5
16.Nc3 Qf7 17.e3 Bf6 18.Ne2 Rd8 19.Qc2 Rd6 20.f4 Nd5 21.Nc4 Rc5 22.Qa4 Rxc4
23.dxc4 Nxe3 24.Bxc6 Rxc6 25.fxe5 Be7 26.Qa8+ Bf8 27.Nd4 Ra6 28.Qxb7 Rb6
29.Qa7 Rxb2 30.Nxe6 Rg2+ 31.Kh1 Qh5 32.h4 Qg4  0-1

[Event "41st TCh-GRE"]
[Site "Rio (Achaia) GRE"]
[Date "2013.07.02"]
[Round "1.4"]
[White "Kanellopoulos,G"]
[Black "Patsavoudis,Nikolaos"]
[Result "1-0"]
[WhiteElo "2070"]
[BlackElo "1602"]

1.c4 e5 2.g3 Nf6 3.Bg2 d5 4.cxd5 Nxd5 5.Nc3 Nxc3 6.bxc3 Bc5 7.d3 O-O 8.Nf3 Nc6
9.O-O Bb6 10.Nd2 Bg4 11.Nc4 f6 12.a4 a5 13.Rb1 Ra6 14.Qc2 Be6 15.Nxb6 Rxb6
16.Rxb6 cxb6 17.Be3 Bd5 18.Bxb6 Qxb6 19.Bxd5+ Kh8 20.Rb1 Qc7 21.Qb3 Rd8 22.Be4 Rd7
23.Qe6 Qd8 24.Bxc6 bxc6 25.Qxc6  1-0

[Event "41st TCh-GRE"]
[Site "Rio (Achaia) GRE"]
[Date "2013.07.02"]
[Round "1.3"]
[White "Simeonidis,I"]
[Black "Georgiadis,I"]
[Result "0-1"]
[WhiteElo "2238"]
[BlackElo "2449"]

1.g3 e5 2.c4 Nf6 3.Bg2 d5 4.cxd5 Nxd5 5.Nf3 Nc6 6.O-O Be7 7.d4 e4 8.Ne5 f5
9.Nxc6 bxc6 10.Nd2 O-O 11.Nc4 Bf6 12.Qa4 Qe8 13.e3 c5 14.Qa5 Qc6 15.Ne5 Qb6
16.Qa4 cxd4 17.exd4 Rd8 18.Bd2 Qxb2 19.Ba5 Bxe5 20.dxe5 Qxe5 21.f3 Bd7 22.Qc4 Be6
23.Qc5 Rab8 24.fxe4 fxe4 25.Rae1 e3 26.Bd2 Qd6 27.Bxe3 Nxe3 28.Qxe3 Bxa2
29.Qxa7 Qb6+ 30.Qxb6 cxb6 31.Ra1 Bc4 32.Rfb1 b5 33.Bf1 Bxf1 34.Kxf1 Rd2 35.Ra5 b4
36.Rb3 h6 37.Ra4 Rc8 38.Rb1 Rxh2 39.Kg1 Rcc2 40.Rb3 Rhd2 41.Ra1 Rc3 42.Rab1 Rxb3
43.Rxb3 Rd4 44.Kf2 Kf7 45.Rf3+ Ke6 46.Rf8 Kd5 47.Ke3 Rg4 48.Kf3 Rg5 49.Rc8 Kd4
50.Rc7 b3 51.g4 Rb5  0-1

[Event "Avoin SM 2013"]
[Site "Naantali FIN"]
[Date "2013.07.03"]
[Round "4.6"]
[White "Torkkola,Henri"]
[Black "Kugappi,Tomi"]
[Result "1-0"]
[WhiteElo "2117"]
[BlackElo "1745"]

1.c4 e5 2.g3 Nc6 3.Nc3 Nf6 4.Bg2 Bc5 5.Nf3 d6 6.O-O O-O 7.d3 h6 8.a3 a5 9.e3 Re8
10.b3 Bf5 11.Bb2 Ba7 12.Qd2 Nd7 13.d4 exd4 14.Nxd4 Bxd4 15.exd4 Nf6 16.Rae1 Qd7
17.Nb5 Kh7 18.d5 Ne5 19.f4 Ng6 20.Bxf6 gxf6 21.Rxe8 Rxe8 22.Re1 Rxe1+ 23.Qxe1 b6
24.Nd4 Qe7 25.Qxe7 Nxe7 26.Nxf5 Nxf5 27.Be4  1-0

[Event "Karvina Open 2013"]
[Site "Karvina CZE"]
[Date "2013.07.04"]
[Round "6.1"]
[White "Zwardon,V"]
[Black "Simantsev,M"]
[Result "1/2-1/2"]
[WhiteElo "2391"]
[BlackElo "2473"]

1.c4 e5 2.g3 Nf6 3.Bg2 d5 4.cxd5 Nxd5 5.Nf3 Nc6 6.O-O Nb6 7.b3 Be7 8.Bb2 Bf6
9.Qc2 O-O 10.Nc3 g6 11.Ne4 Bg7 12.d3 a5 13.a3 Nd5 14.Rac1 Nd4 15.Nxd4 exd4
16.Qc4 Ra6 17.Bxd4 Rc6 18.Bc5 b6 19.Qb5 Qd7 20.Bxf8 Rxc1 21.Qxd7 Rxf1+ 22.Kxf1 Bxd7
23.Bxg7 Kxg7 24.Nc5 Ne3+ 25.fxe3 bxc5 26.Bd5 Kf6 27.d4 Be6 28.Bxe6 Kxe6 29.dxc5 Kd5
30.Ke1 Kxc5 31.Kd2 f5 32.Kd3 Kd5  1/2-1/2

[Event "41st TCh-GRE"]
[Site "Rio (Achaia) GRE"]
[Date "2013.07.05"]
[Round "5.9"]
[White "Ladas,Dimitrios"]
[Black "Hatzis-Bakratsas,Alexandros"]
[Result "0-1"]
[WhiteElo "1784"]
[BlackElo "1807"]

1.c4 e5 2.g3 Nc6 3.Nc3 Bc5 4.Bg2 a6 5.e3 Ba7 6.Nge2 d6 7.O-O h5 8.d4 Nf6
9.b4 O-O 10.b5 axb5 11.cxb5 Na5 12.dxe5 dxe5 13.Ba3 Qxd1 14.Rfxd1 Re8 15.Bb4 Nc4
16.Nd5 Nxd5 17.Bxd5 Nb6 18.Bg2 Na4 19.Rac1 Bb6 20.a3 Bg4 21.Rd2 Rad8 22.Rcd1 Rb8
23.h3 Be6 24.Rc1 f5 25.Nc3 Nc5 26.Bxc5 Bxc5 27.Nd5 Bxa3 28.Rxc7 Red8 29.Rd1 e4
30.Nc3 Bd6 31.Rxd6 Rxd6 32.Ne2 b6 33.Nd4 Bd7 34.Bf1 Rc8 35.Rxc8+ Bxc8 36.Be2 g6
37.h4 Kg7 38.Kg2 Bb7 39.Kf1 Kf6 40.Ke1 Ke5 41.Bc4 Bd5 42.Be2 Bf7 43.Nc6+ Kf6
44.Nd4 g5 45.hxg5+ Kxg5 46.Kf1 Kf6 47.Ke1 Kg5 48.Kf1 Bd5 49.Ke1 Rf6 50.Kf1 h4
51.Kg2 hxg3 52.fxg3 Rd6 53.Kf2 Bf7 54.Kg2 Kf6 55.Kf2 Be8 56.Ke1 Ke5 57.Nb3 Rd8
58.Bf1 Bh5 59.Kf2 Bf7 60.Nc1 Rd2+ 61.Ke1 Rc2 62.Kd1 Rb2 63.Be2 Bb3+ 64.Nxb3 Rxb3
65.Kd2 Rb2+ 66.Kd1 Rxe2 67.Kxe2 Kd5 68.Kf2 Kc5 69.g4 fxg4 70.Kg3 Kxb5 71.Kxg4 Kc4  0-1

[Event "IsBank TCh-TUR 2013"]
[Site "Denizli TUR"]
[Date "2013.07.06"]
[Round "8.1"]
[White "Yilmaz,M"]
[Black "Swiercz,D"]
[Result "1-0"]
[WhiteElo "2556"]
[BlackElo "2633"]

1.c4 e5 2.g3 Nf6 3.Bg2 Nc6 4.Nc3 g6 5.Nf3 Bg7 6.d4 exd4 7.Nxd4 O-O 8.Nxc6 dxc6
9.Qb3 Qe7 10.O-O a5 11.Bf4 Qb4 12.Bxc7 Be6 13.Rad1 Bxc4 14.Qc2 Rfe8 15.Bd6 Qb6
16.b3 Ba6 17.Na4 Qb5 18.e4 Qe2 19.Rd2 Qh5 20.Re1 Nd5 21.Qc1 Nb4 22.Nc5 Rad8
23.Nxa6 Nxa6 24.Red1 Qb5 25.Bf1 Qb6 26.Bc4 Bh6 27.Qc3 Bxd2 28.Rxd2 Rd7 29.Bf8 Rxf8
30.Rxd7 Nc5 31.Re7 Qb4 32.Qf6 Ne6 33.Bxe6 Qe1+ 34.Kg2 Qxe4+ 35.Kh3  1-0

[Event "IsBank TCh-TUR 2013"]
[Site "Denizli TUR"]
[Date "2013.07.06"]
[Round "9.8"]
[White "Sop,S"]
[Black "Cemhan,K"]
[Result "1-0"]
[WhiteElo "2025"]
[BlackElo "2033"]

1.c4 e5 2.g3 g6 3.Bg2 Bg7 4.Nc3 Ne7 5.e3 O-O 6.Nge2 c6 7.O-O d6 8.b3 f5 9.Ba3 Be6
10.Rc1 Na6 11.d4 e4 12.f3 exf3 13.Bxf3 Nc7 14.Nf4 Bf7 15.d5 g5 16.dxc6 gxf4
17.cxb7 Rb8 18.Qxd6 Ng6 19.exf4 Bd4+ 20.Kh1 Re8 21.Rfd1 Ne6 22.Nb5 Bf2 23.Qxd8 Nxd8
24.Nd6 Re3 25.Kg2 Rxf3 26.Kxf3 Bb6 27.c5 Bc7 28.c6 Nf8 29.Nxf5  1-0

[Event "IsBank TCh-TUR 2013"]
[Site "Denizli TUR"]
[Date "2013.07.06"]
[Round "9.2"]
[White "Gagunashvili,M"]
[Black "Solak,D"]
[Result "1/2-1/2"]
[WhiteElo "2601"]
[BlackElo "2598"]

1.c4 e5 2.g3 Nc6 3.Bg2 Bc5 4.Nc3 a6 5.e3 d6 6.Nge2 Nge7 7.O-O O-O 8.a3 Ba7
9.b4 Bg4 10.h3 Be6 11.Nd5 Qd7 12.Kh2 Bf5 13.d4 exd4 14.Nxe7+ Qxe7 15.exd4 Rfe8
16.Be3 Be4 17.Nc3 Bxg2 18.Kxg2 Qd7 19.Nd5 Ne7 20.Nxe7+ Rxe7 21.Qd3 Rae8 22.Rfe1 b5
23.Kh2 Re4 24.cxb5 Qxb5 25.Red1 h5 26.Qxb5 axb5 27.h4 Bb6 28.a4 bxa4 29.Rxa4 Kf8
30.Kg2 Ke7 31.Kf3 Kd7 32.b5 d5 33.Ra3 Rb8 34.Ke2 Ree8 35.Kd3 Ra8 36.Rda1 Rxa3+
37.Rxa3 f6 38.Ra1 Ke6 39.Bf4 Kd7  1/2-1/2